Mentor coaching en acción : feedback efectivo para un coaching exitoso /

Bibliographic Details
Main Authors: Goldvarg, Damián (Author), Perel de Goldvarg, Norma (Author)
Format: Electronic eBook
Language:Spanish
Published: Buenos Aires : eBook Granica, [2016]
Series:Management (Buenos Aires, Argentina)
Subjects:
Online Access:Digitalia Hispánica

MARC

LEADER 00000nam a2200000Ii 4500
001 DIGGRANC0114
003 NyNyDIG
006 m o d
007 cr |||||||||||
008 250915s2016 ag ob 000 0 spa d
035 |a (OCoLC)1536545265 
040 |a DGITA  |b eng  |e rda  |e pn  |c DGITA 
020 |a 9789506418854  |q eBook 
020 |z 9789506418823 
050 1 4 |a HF5385 ebook 
100 1 |a Goldvarg, Damián,  |e author. 
245 1 0 |a Mentor coaching en acción :  |b feedback efectivo para un coaching exitoso /  |c Damián Goldvarg, Norma Perel de Goldvarg. 
264 1 |a Buenos Aires :  |b eBook Granica,  |c [2016] 
300 |a 1 online resource. 
336 |a text  |b txt  |2 rdacontent 
337 |a computer  |b c  |2 rdamedia 
338 |a online resource  |b cr  |2 rdacarrier 
347 |a text file  |2 rdaft 
347 |b EPUB 
347 |b PDF  
490 1 |a Management 
504 |a Includes bibliographical references. 
588 0 |a Online resource; title from ePub title page (Digitalia, viewed September 15, 2025) 
650 0 |a Employees  |x Coaching of. 
650 0 |a Mentoring in business. 
700 1 |a Perel de Goldvarg, Norma,  |e author. 
791 2 |a Digitalia (Firm),  |e distributor. 
793 0 |g Digitalia eBook Collection:  |a Granica 
776 0 8 |i Print version:  |a Goldvarg, Damián.  |t Mentor coaching en acción.  |d Buenos Aires : Granica, [2016]  |z 9789506418823 
830 0 |a Management (Buenos Aires, Argentina) 
856 4 0 |3 Digitalia Hispánica  |u https://www.digitaliapublishing.com/a/85678/ 
910 |a Premium collection: 2025